000 00661cam a22002172 4500
001 0000019577
005 20151217152157.0
008 110111s xx 000 0 eng d
020 _a0324163827
040 _aKABU
_cKABU
100 1 _aDiebold, Francis X.
_@0000179351
245 1 0 _aElements of Forecasting /
_cFrancis X. Diebold.
250 _a3rd ed.
260 _aThomson :
_bSouth-Western,
_c2004.
300 _axi,433 p.
650 0 _aForecasting
_xStatistical methods.
_@0000149843
650 0 _aForecasting
_xProblems, exercises, etc.
_@0000179352
852 1 _9p4673 KES
908 _a110111
950 _@1
999 _c9004
_d9004